000 00646nam a2200277Ia 4500
005 20260324112619.0
008 008 260324s9999 xx 000 0 eng d
020 _a9781032702049
037 _aEBOOK
040 _aCRL
040 _beng
040 _cCRL
041 _2eng
041 _aeng
084 _qCRL
100 _aShravan Pargaonkar
_91143429
245 2 _aA Guide to Software Quality Engineering
260 _bTaylor and Francis
260 _c2024
365 _a
365 _b275
856 _uhttp://www.taylorfrancis.com/books/9781032702049
942 _cEBOOK
999 _c1732695
_d1732695